NBA MVPs - Statistics

General Stats
  • This quiz has been taken 29 times
  • The average score is 57 of 70
Answer Stats
Hint Answer % Correct
2020 Giannis Antetokounmpo
100%
2019 Giannis Antetokounmpo
100%
2023 Joel Embiid
100%
2013 LeBron James
100%
2012 LeBron James
100%
2010 LeBron James
100%
2009 LeBron James
100%
2024 Nikola Jokic
100%
2022 Nikola Jokic
100%
2021 Nikola Jokic
100%
2025 Shai Gilgeous-Alexander
100%
2016 Stephen Curry
100%
2015 Stephen Curry
100%
1998 Michael Jordan
96%
1996 Michael Jordan
96%
1992 Michael Jordan
96%
1991 Michael Jordan
96%
1988 Michael Jordan
96%
1980 Kareem Abdul-Jabbar
92%
1977 Kareem Abdul-Jabbar
92%
1976 Kareem Abdul-Jabbar
92%
1974 Kareem Abdul-Jabbar
92%
1972 Kareem Abdul-Jabbar
92%
1971 Kareem Abdul-Jabbar
92%
2014 Kevin Durant
92%
2004 Kevin Durant
92%
2008 Kobe Bryant
92%
1986 Larry Bird
92%
1985 Larry Bird
92%
1984 Larry Bird
92%
2000 Shaquille O'Neal
92%
2006 Steve Nash
92%
2005 Steve Nash
92%
2018 James Harden
88%
2017 Russell Westbrook
88%
2001 Allen Iverson
85%
1994 Hakeem Olajuwon
85%
1990 Magic Johnson
85%
1989 Magic Johnson
85%
1987 Magic Johnson
85%
2007 Dirk Nowitzki
81%
2003 Tim Duncan
81%
2002 Tim Duncan
81%
1968 Wilt Chamberlain
81%
1967 Wilt Chamberlain
81%
1966 Wilt Chamberlain
81%
1960 Wilt Chamberlain
81%
2011 Derrick Rose
73%
1999 Karl Malone
73%
1997 Karl Malone
73%
1983 Moses Malone
73%
1982 Moses Malone
73%
1979 Moses Malone
73%
1995 David Robinson
69%
1965 Bill Russell
65%
1963 Bill Russell
65%
1962 Bill Russell
65%
1961 Bill Russell
65%
1959 Bill Russell
65%
1958 Bob Pettit
65%
1956 Bob Pettit
65%
1993 Charles Barkley
62%
1978 Bill Walton
54%
1957 Bob Cousy
50%
1981 Julius Erving
50%
1964 Oscar Robertson
50%
1969 Wes Unseld
46%
1970 Willis Reed
42%
1975 Bob McAdoo
38%
1973 Dave Cowens
31%
No matching quizzes found
Score Distribution
Percent of People with Each Score
Percentile by Number Answered
Your Score History
You have not taken this quiz